000 00867cam a2200265 i 4500
999 _c18487
_d18487
001 1245101
003 BDDh-ASL
005 20231015025717.0
008 750414s1975 caub b 001 0 eng
010 _a 72097734
020 _a0520024079
040 _aDLC
_cDLC
_dBDDh-ASL
043 _aa-ii---
050 0 0 _aJQ298.I5
_bC37
082 0 0 _a923.2547
_aB
_bCAM
100 1 _aCashman, Richard I.
245 1 4 _aThe myth of the Lokamanya :
_bTilak and mass politics in Maharashtra /
_cby Richard I. Cashman.
260 _aBerkeley :
_bUniversity of California Press,
_c[1975]
300 _a246 p. :
_bmaps ;
_c24 cm.
504 _aIncludes bibliographical references and index.
600 1 0 _aTilak, Bal Gangadhar,
_d1856-1920.
651 0 _aMaharashtra (India)
_xPolitics and government.
906 _a7
_bcbc
_corignew
_d2
_eopcn
_f19
_gy-gencatlg
942 _2ddc
_cBK